000 00609nam a2200253Ia 4500
005 20260121160106.0
008 008 260114s9999 xx 000 0 eng d
020 _a9781315693927
037 _aEBOOK
040 _aCRL
040 _beng
040 _cCRL
041 _2eng
041 _aeng
084 _qCRL
100 _a Heidi Hayes Jacobs
_91027594
245 0 _aActive Literacy Across the Curriculum
260 _bTaylor and Francis
260 _c2018
856 _uhttp://www.taylorfrancis.com/books/9781315693927
942 _cEBOOK
999 _c1594413
_d1594413